000 00588cam a22002053a 4500
001 43260
003 PGUSA
005 20140828084001.0
008 130720s2013||||xxu|||||s|||||000 | eng d
040 _aPGUSA
_beng
042 _adc
100 1 _aBracco, Roberto,
_d1861-1943
245 1 0 _aMaternità :
_bDramma in quattro atti
_h[electronic resource] /
_cRoberto Bracco
260 _bProject Gutenberg,
_c2013
506 _aPublic domain in the USA.
516 _aElectronic text
830 0 _aProject Gutenberg
_v43260
856 4 0 _uhttp://www.gutenberg.org/ebooks/43260
942 _cEB
999 _c272511
_d272511